| Поле | Инд. | ПП | Название | Значение |
|---|---|---|---|---|
| Тип записи | a | |||
| Библиографический уровень | m | |||
| 001 | Контрольный номер | RU/IS/BASE/264535305 | ||
| 005 | Дата корректировки | 20250328143252.0 | ||
| 008 | Кодируемые данные | 19951221 | ||
| 040 | 00 | e | Правила каталог. | Л 951221 |
| 084 | a | Индекс другой классификации/Индекс ББК | 85.103(2=411.2); 85.103(2Рос=Рус)1 | |
| 090 | 00 | a | Полочн. индекс | 85.103(2=411.2) |
| x | Авторский знак | И 907 | ||
| 097 | 00 | a | 230 | |
| 245 | 00 | a | Заглавие | История русского искусства |
| c | Ответственность | под общей редакцией Н. Г. Машковцева | ||
| n | Номер части/ раздела | Т.1 | ||
| 260 | 00 | a | Место издания | Москва |
| b | Издательство | Искусство | ||
| c | Дата издания | 1957 | ||
| 300 | 00 | a | Объем | 479 с. |
| b | Иллюстрации/ тип воспроизводства | 253 л. ил. | ||
| 336 | a | Термин вида содержания | Текст | |
| 337 | a | Термин типа средства | непосредственный | |
| 600 | 14 | a | Персоналии | Баженов Василий Иванович |
| a | Персоналии | Брюллов Карл Павлович | ||
| a | Персоналии | Венецианов Алексей Гаврилович | ||
| a | Персоналии | Иванов Александр Андреевич | ||
| a | Персоналии | Казаков Матвей Федорович | ||
| a | Персоналии | Кипренский Орест Адамович | ||
| a | Персоналии | Левицкий Дмитрий Григорьевич | ||
| a | Персоналии | Мартос Иван Петрович | ||
| a | Персоналии | Орловский Александр Осипович | ||
| a | Персоналии | Растрелли Варфоломей Варфоломеевич (Франческо Бартоломео) | ||
| a | Персоналии | Рокотов Федор Степанович | ||
| a | Персоналии | Рублев Андрей | ||
| a | Персоналии | Старов Иван Евгеньевич | ||
| a | Персоналии | Тропинин Василий Андреевич | ||
| a | Персоналии | Федотов Павел Андреевич | ||
| a | Персоналии | Шубин Федот Иванович | ||
| a | Персоналии | Щедрин Сильвестр Феодосиевич | ||
| 650 | 04 | a | Основная рубрика | изобразительное искусство |
| a | Основная рубрика | искусство | ||
| a | Основная рубрика | история изобразительного искусства | ||
| 653 | 00 | a | Ключевые слова | XIX век |
| a | Ключевые слова | XVIII век | ||
| a | Ключевые слова | архитектура | ||
| a | Ключевые слова | города-музеи | ||
| a | Ключевые слова | графика | ||
| a | Ключевые слова | декоративно-прикладное искусство | ||
| a | Ключевые слова | живопись | ||
| a | Ключевые слова | Москва | ||
| a | Ключевые слова | Новгород | ||
| a | Ключевые слова | новое время | ||
| a | Ключевые слова | Псков | ||
| a | Ключевые слова | Россия | ||
| a | Ключевые слова | русское искусство | ||
| a | Ключевые слова | скульптура | ||
| a | Ключевые слова | художественное творчество | ||
| a | Ключевые слова | художники | ||
| 700 | 10 | a | Автор | Машковцев Н. Г. |
| e | Роль лиц | редактор | ||
| 901 | t | Тип документа | m | |
| 952 | a | Тип литературы для КСУ ВШ | НАУ |